000
00255nam a2200109Ia 4500
008
190914s9999||||xx |||||||||||||| ||und||
100
_a
Farooq Ahmed
245
0
_a
Matae qalab -wanazar
260
_a
Karachi
_b
Atlantis
_c
2007
300
_a
527
942
_c
BK
999
_c
9933
_d
9933